[Event "Mistrzostwa Polski Juniorow do lat 16 - Dziewczeta"]
[Site "Ustron – Jaszowiec"]
[Date "1899-12-30"]
[Round "5.2"]
[White "Karlyk, Maria"]
[Black "Leczek, Weronika"]
[Result "0-1"]
[WhiteTitle "I"]
[BlackTitle "I++"]
[WhiteElo "1501"]
[BlackElo "1909"]

1. e4 c5 2. Nf3 Nc6 3. d4 cxd4 4. Nxd4 Nf6 5. Nc3 d6 6. Be2 g6 7. O-O Bg7 8. Nb3
O-O 9. Re1 a5 10. a4 Nb4 11. Bf1 Be6 12. Nd4 Rc8 13. Ncb5 Bd7 14. c3 Nc6 15. h3
Ne8 16. f4 Nxd4 17. cxd4 e5 18. dxe5 dxe5 19. fxe5 Bxe5 20. Qd5 Bg3 21. Bg5 Qb6+
22. Be3 Qc6 23. Rec1 Qxd5 24. exd5 Nf6 25. Bb6 Rxc1 26. Rxc1 Nxd5 27. Bxa5 Ra8
28. Rd1 Be6 29. Be1 Ne3 30. Rd3 Nxf1 31. Bxg3 Nxg3 32. Rxg3 Rxa4 33. Nc7 Ra1+
34. Kh2 Bf5 35. Ne8 Be6 36. Nd6 b6 37. b4 Rb1 38. b5 Kf8 39. Re3 Rd1 40. Ne4 Rd5
41. Nc3 Rc5 42. Rd3 Ke7 43. Kg3 Bc4 44. Re3+ Kf8 45. Ne4 Rxb5 46. Nd6 Rc5 47.
Rc3 Be6 48. Rxc5 bxc5 49. Ne4 c4 50. Nc3 Ke7 51. Kf4 h5 52. h4 Kd6 53. Ke4 Kc5
54. g3 Bf5+ 55. Ke3 Kb4 56. Kd4 Kb3 57. Nd5 Bd3 58. Ne3 Be2 59. Nd5 Kc2 60. Ne3+
Kd2 0-1

[Event "Mistrzostwa Polski Juniorow do lat 16 - Dziewczeta"]
[Site "Ustron – Jaszowiec"]
[Date "1899-12-30"]
[Round "5.3"]
[White "Krzywnicka, Maria"]
[Black "Kostecka, Marika"]
[Result "1-0"]
[WhiteTitle "I+"]
[BlackTitle "I++"]
[WhiteElo "1720"]
[BlackElo "1869"]

1. e4 c5 2. d3 Nc6 3. g3 g6 4. Nc3 Bg7 5. Bg2 e6 6. Be3 Nd4 7. Qd2 Ne7 8. Nd1 e5
9. c3 Ne6 10. Bh6 Bxh6 11. Qxh6 f5 12. exf5 Nxf5 13. Qd2 Rb8 14. Ne3 Neg7 15.
Ne2 Nxe3 16. Qxe3 Qe7 17. O-O Nf5 18. Qd2 O-O 19. Rae1 Qg7 20. f4 d6 21. fxe5
dxe5 22. c4 Nd4 23. Nxd4 exd4 24. Rxf8+ Qxf8 25. Rf1 Qd8 26. Bd5+ Kh8 27. Qf4
Be6 28. Qe5+ 1-0

[Event "Mistrzostwa Polski Juniorow do lat 16 - Dziewczeta"]
[Site "Ustron – Jaszowiec"]
[Date "1899-12-30"]
[Round "5.4"]
[White "Hryn, Zofia"]
[Black "Rudzinska, Michalina"]
[Result "0-1"]
[WhiteTitle "I++"]
[BlackTitle "k"]
[WhiteElo "1767"]
[BlackElo "1941"]

1. c4 e5 2. Nc3 Nc6 3. Nf3 g6 4. d3 Bg7 5. Bg5 f6 6. Bd2 Nge7 7. e4 d6 8. h3 O-O
9. Be2 f5 10. Qc2 Nd4 11. Nxd4 exd4 12. Nd5 c6 13. Nxe7+ Qxe7 14. O-O-O b5 15.
Kb1 bxc4 16. Qxc4+ Be6 17. Qxc6 Rfc8 18. Qa6 fxe4 19. Bb4 Be5 20. dxe4 Rab8 21.
Ba3 d3 22. Qxd3 Rc3 23. Qa6 Rxa3 24. Qxa3 Rxb2+ 25. Qxb2 Bxb2 26. Kxb2 Qf6+ 27.
Kb1 Qxf2 28. Rxd6 Qxg2 29. Re1 Qxe4+ 30. Kc1 Bf5 31. Rd8+ Kg7 32. Kd2 Qf4+ 33.
Kd1 Qa4+ 0-1

[Event "Mistrzostwa Polski Juniorow do lat 16 - Dziewczeta"]
[Site "Ustron – Jaszowiec"]
[Date "1899-12-30"]
[Round "5.5"]
[White "Moscicka, Pola"]
[Black "Szelag, Zuzanna"]
[Result "0-1"]
[WhiteTitle "k+"]
[BlackTitle "I++"]
[WhiteElo "1925"]
[BlackElo "1759"]

1. c4 f5 2. d4 Nf6 3. Nf3 g6 4. g3 Bg7 5. Bg2 d6 6. O-O O-O 7. Nc3 c6 8. d5 e5
9. dxe6 Bxe6 10. Qd3 Na6 11. Ng5 Re8 12. b3 Nc5 13. Qc2 Qc7 14. Bb2 Kh8 15. e3
Bg8 16. Rfd1 Rad8 17. Rac1 Qe7 18. b4 Ncd7 19. b5 Ne5 20. bxc6 bxc6 21. Nf3 Nxc4
22. Nd4 Rc8 23. Bxc6 Rxc6 24. Nxc6 Qb7 25. Nd4 Qxb2 26. Qa4 Qb7 27. Rb1 Qe7 28.
Nc6 Qc7 29. Qa6 Rc8 30. Nxa7 Ra8 31. Rb7 Qd8 32. Ncb5 Ne4 33. Nc7 Nc5 34. Qc6
Na5 35. Qb6 Naxb7 36. Nc6 Qf8 37. Nxa8 Qxa8 38. Rb1 Qxa2 0-1

[Event "Mistrzostwa Polski Juniorow do lat 16 - Dziewczeta"]
[Site "Ustron – Jaszowiec"]
[Date "1899-12-30"]
[Round "5.6"]
[White "Kalinowska, Zuzanna"]
[Black "Dwilewicz, Agata"]
[Result "1-0"]
[WhiteTitle "k+"]
[BlackTitle "I+"]
[WhiteElo "1833"]
[BlackElo "1710"]

1. d4 d5 2. Nf3 Nf6 3. c4 e6 4. Nc3 Bb4 5. Qa4+ Nc6 6. e3 Ne4 7. Qc2 O-O 8. a3
Bxc3+ 9. bxc3 b6 10. Bd3 Nf6 11. cxd5 exd5 12. O-O Bb7 13. a4 Re8 14. Bd2 Na5
15. Rfb1 Ne4 16. Be1 Qd6 17. Ne5 f6 18. Nf3 Rad8 19. Nd2 c5 20. dxc5 Qxc5 21.
c4 Rc8 22. Rb5 Qe7 23. Rc1 Nxc4 24. Nxc4 dxc4 25. Bxc4+ Kh8 26. Rh5 Ba6 27. Qe2
Nd6 28. Rxh7+ Kxh7 29. Qh5# 1-0

[Event "Mistrzostwa Polski Juniorow do lat 16 - Dziewczeta"]
[Site "Ustron – Jaszowiec"]
[Date "1899-12-30"]
[Round "5.7"]
[White "Sowa, Wiktoria"]
[Black "Trusz, Julia"]
[Result "1-0"]
[WhiteTitle "I+"]
[BlackTitle "I+"]
[WhiteElo "1812"]
[BlackElo "1688"]

1. e4 c5 2. Nf3 Nc6 3. d4 cxd4 4. Nxd4 Nf6 5. Nc3 d6 6. Bg5 Bd7 7. Qd2 Nxd4 8.
Qxd4 Qa5 9. Bxf6 gxf6 10. O-O-O Bh6+ 11. Kb1 Rc8 12. Nd5 Qc5 13. Qd3 Be6 14. Be2
Rg8 15. g3 f5 16. f4 Bg7 17. c3 Bxd5 18. exd5 e6 19. Bf3 Qb6 20. Rc1 Rc5 21. Rhe1
Kd7 22. Bh5 Rb5 23. Rc2 Rc8 24. Bxf7 Rxd5 25. Bxe6+ 1-0

[Event "Mistrzostwa Polski Juniorow do lat 16 - Dziewczeta"]
[Site "Ustron – Jaszowiec"]
[Date "1899-12-30"]
[Round "5.8"]
[White "Orlik, Sandra"]
[Black "Raczykowska, Paulina"]
[Result "0-1"]
[WhiteTitle "I+"]
[BlackTitle "I++"]
[WhiteElo "1698"]
[BlackElo "1772"]

1. e4 e5 2. Nf3 Nc6 3. Bb5 a6 4. Bxc6 dxc6 5. O-O f6 6. d4 exd4 7. Nxd4 c5 8. Nb3
Qxd1 9. Rxd1 Bg4 10. f3 Be6 11. Bf4 c4 12. Nd4 O-O-O 13. Nc3 Bc5 14. Be3 Bf7 15.
a4 Ne7 16. Nf5 Bxe3+ 17. Nxe3 b6 18. g3 Kb7 19. Kf2 c6 20. f4 b5 21. g4 b4 22.
Ne2 c5 23. Nf5 Nxf5 24. gxf5 g6 25. Ng3 Kc6 26. Ke3 Rhe8 27. h4 Bd5 28. Kf3 Bf7
29. Ke3 Kc7 30. Rac1 Bd5 31. fxg6 hxg6 32. b3 Bxe4 33. Nxe4 f5 34. Rxd8 Kxd8 35.
Rd1+ Kc7 36. Rg1 Rxe4+ 37. Kf3 cxb3 38. cxb3 Re6 39. Rg5 Rf6 40. Ke3 Kb6 41. Kd3
Kc6 42. h5 gxh5 43. Rxh5 Rd6+ 44. Ke3 c4 45. bxc4 Kc5 46. Rxf5+ Kxc4 47. Rf8 b3
48. Rb8 Kc3 49. Rc8+ Kb2 50. f5 Ka2 51. Ke4 b2 52. Rb8 Rd1 53. f6 b1=Q+ 54. Rxb1
Rxb1 0-1

[Event "Mistrzostwa Polski Juniorow do lat 16 - Dziewczeta"]
[Site "Ustron – Jaszowiec"]
[Date "1899-12-30"]
[Round "5.9"]
[White "Szulc, Patrycja"]
[Black "Kucharska, Honorata"]
[Result "0-1"]
[WhiteTitle "I"]
[BlackTitle "k+"]
[WhiteElo "1573"]
[BlackElo "2093"]

1. e4 d6 2. d4 Nf6 3. Nc3 e5 4. h3 Nbd7 5. Nf3 Be7 6. Bc4 O-O 7. O-O c6 8. a4 a5
9. Be3 Qc7 10. Bb3 exd4 11. Bxd4 Ne5 12. Nxe5 dxe5 13. Be3 Bb4 14. Qf3 Bxc3 15.
bxc3 b6 16. Bg5 Ne8 17. Qg3 Ba6 18. Rfd1 Kh8 19. Rd2 f6 20. Be3 Rd8 21. Rad1 Rxd2
22. Rxd2 c5 23. Bd5 Nd6 24. f4 Re8 25. fxe5 fxe5 26. Rf2 Bb7 27. Qxe5 h6 28. Qg3
Bxd5 29. exd5 Qe7 30. Rf3 Nc4 31. Bf4 g5 32. Bc7 Nd2 33. Rd3 Ne4 34. d6 Qd7 35.
Qg4 Nf6 36. Qf3 Kg7 37. Re3 Qxa4 38. Rxe8 Qxe8 39. Qd3 a4 40. c4 Nd7 41. Qa3 Qe1+
42. Kh2 Qe5+ 43. Kg1 Qd4+ 44. Kh2 Qxc4 45. Qa1+ Qd4 46. Qa2 b5 47. Kh1 h5 48.
Qb1 b4 49. Qe1 Qe5 50. Qb1 a3 51. Qa2 g4 52. h4 g3 53. Qb1 a2 0-1

[Event "Mistrzostwa Polski Juniorow do lat 16 - Dziewczeta"]
[Site "Ustron – Jaszowiec"]
[Date "1899-12-30"]
[Round "5.10"]
[White "Swiech, Joanna"]
[Black "Michalska, Aleksandra"]
[Result "1/2-1/2"]
[WhiteTitle "k"]
[BlackTitle "I"]
[WhiteElo "1943"]
[BlackElo "1599"]

1. c4 e5 2. Nc3 c5 3. g3 Nc6 4. Bg2 g6 5. d3 Bg7 6. Nf3 Nge7 7. O-O O-O 8. a3 d6
9. Rb1 a5 10. Ne1 Be6 11. Nc2 d5 12. cxd5 Nxd5 13. Ne3 Nde7 14. Ne4 b6 15. Ng5
Bd7 16. Bd2 h6 17. Nf3 a4 18. b4 cxb4 19. Bxb4 Nxb4 20. Rxb4 b5 21. d4 e4 22.
Ne5 f5 23. Qd2 Be8 24. Rd1 Qd6 25. f4 Rc8 26. Rc1 Kh7 27. Rxc8 Nxc8 28. Qc3 Nb6
29. Rb1 Nd5 30. Nxd5 Qxd5 31. e3 Rf6 32. Bf1 Re6 33. Rb2 Bf8 34. Qc7+ Re7 35.
Qc8 Qb7 36. Qc5 Rf7 37. Qc3 Rc7 38. Qa5 Bxa3 39. Bxb5 Bxb2 40. Bxe8 Rc1+ 41. Kg2
Rc2+ 1/2-1/2

[Event "Mistrzostwa Polski Juniorow do lat 16 - Dziewczeta"]
[Site "Ustron – Jaszowiec"]
[Date "1899-12-30"]
[Round "5.11"]
[White "Buchta, Agnieszka"]
[Black "Skiba, Aleksandra"]
[Result "1/2-1/2"]
[WhiteTitle "I++"]
[BlackTitle "I+"]
[WhiteElo "1715"]
[BlackElo "1633"]

1. e4 e6 2. d4 d5 3. Nd2 Nf6 4. e5 Nfd7 5. Bd3 c5 6. c3 Nc6 7. Ne2 cxd4 8. cxd4
f6 9. exf6 Nxf6 10. Nf3 Bd6 11. O-O O-O 12. Bf4 Nb4 13. Bb1 Qc7 14. Bxd6 Qxd6
15. Re1 Bd7 16. a3 Nc6 17. Nc1 Rac8 18. Nd3 Ne7 19. Qe2 Nf5 20. Nde5 Rfe8 21.
Bd3 a6 22. g4 Ne7 23. Nxd7 Nxd7 24. Qxe6+ Qxe6 25. Rxe6 Nf8 26. Rb6 Rc7 27. Re1
Rd8 28. Ne5 g6 29. f4 Nd7 30. Rb3 Kg7 31. Kg2 Nf6 32. h3 b5 33. Rb4 Nd7 34. Kg3
Nxe5 35. dxe5 Nc6 36. Rb3 Nd4 37. Rb4 Nc6 38. Rb3 Nd4 39. Rc3 Rxc3 40. bxc3 Nb3
41. f5 Nc5 42. Bc2 Nd7 43. f6+ Kg8 44. g5 Rc8 45. Bb1 Rxc3+ 46. Kg2 Rc8 47. e6
Nb6 48. Kg3 Kf8 49. Kf4 Nc4 50. Rc1 Rb8 51. Ba2 Rc8 52. Kg3 Rc6 53. Re1 Rc8 54.
Rc1 Rc6 55. Re1 Rc8 56. Rc1 Rc6 57. Bxc4 dxc4 58. Re1 Rc8 59. Kf4 c3 60. Ke3 a5
61. Kd3 b4 62. axb4 axb4 63. Kc2 Ke8 64. Rd1 Kf8 65. Re1 Ke8 66. Rd1 Kf8 67. e7+
Ke8 68. Re1 Rb8 69. Rf1 Kf7 70. Re1 Ke8 71. Rf1 Kf7 72. Re1 Ke8 73. h4 Rc8 74.
Rh1 Kf7 75. Re1 Ke8 76. Rh1 Kf7 77. Re1 Ke8 78. Rh1 Kf7 1/2-1/2

[Event "Mistrzostwa Polski Juniorow do lat 16 - Dziewczeta"]
[Site "Ustron – Jaszowiec"]
[Date "1899-12-30"]
[Round "5.12"]
[White "Kulpa, Zuzanna"]
[Black "Lascar, Maria Elena"]
[Result "1-0"]
[WhiteTitle "I++"]
[BlackTitle "I+"]
[WhiteElo "1680"]
[BlackElo "1485"]

1. d4 d5 2. c4 c6 3. Nf3 dxc4 4. e3 b5 5. a4 e6 6. axb5 cxb5 7. b3 Bb4+ 8. Bd2
Bxd2+ 9. Nfxd2 a5 10. Qf3 Ra7 11. Qg3 Nc6 12. Ne4 Kf8 13. Na3 a4 14. Nxb5 Qa5+
15. Nec3 Qb4 16. bxa4 Nge7 17. Rb1 Qa5 18. Bxc4 Nf5 19. Qf4 g5 20. Qxg5 Rg8 21.
Qf4 Bb7 22. Kd2 Rxg2 23. Nxa7 Qxa7 24. Bf1 Rg7 25. Qc7 f6 26. Qb6 Qa8 27. Bd3
Na5 28. Rhg1 Rd7 29. Qxe6 Rd6 30. Rg8# 1-0

[Event "Mistrzostwa Polski Juniorow do lat 16 - Dziewczeta"]
[Site "Ustron – Jaszowiec"]
[Date "1899-12-30"]
[Round "5.13"]
[White "Kindler, Karolina"]
[Black "Gredka, Dominika"]
[Result "1-0"]
[WhiteTitle "I++"]
[BlackTitle "I++"]
[WhiteElo "1738"]
[BlackElo "1589"]

1. Nf3 d6 2. b3 e5 3. e3 Be7 4. Bb2 f5 5. d3 Nf6 6. c4 Nc6 7. a3 O-O 8. Be2 h6
9. b4 Kh7 10. Nc3 Be6 11. d4 e4 12. Nd2 Bf7 13. Qa4 Nb8 14. b5 Nbd7 15. Qb3 c6
16. a4 d5 17. Ba3 a6 18. Bxe7 Qxe7 19. Rb1 f4 20. c5 Bg6 21. Nd1 axb5 22. axb5
Nh5 23. Bxh5 Bxh5 24. exf4 Bxd1 25. Rxd1 Rxf4 26. O-O Qg5 27. bxc6 bxc6 28. Qb7
Rd8 29. Qxc6 Rg4 30. g3 Rh4 31. Kh1 Rh3 32. Kg2 Qh5 33. Rh1 Nf6 34. Ra1 Ng4 35.
Nf1 Rf8 36. Ra2 Rf3 37. Qe6 Rf6 38. Qd7 Rf7 39. Qc8 Rf5 40. c6 Nf6 41. Qa6 Qf3+
42. Kg1 Qc3 43. Qa4 Ng4 44. Qd1 h5 45. Rc2 Qb3 46. c7 Nxf2 47. c8=Q Rg5 48. Qd2
e3 49. Qxe3 1-0

[Event "Mistrzostwa Polski Juniorow do lat 16 - Dziewczeta"]
[Site "Ustron – Jaszowiec"]
[Date "1899-12-30"]
[Round "5.14"]
[White "Bilczewska, Olga"]
[Black "Samujlo, Agnieszka"]
[Result "1/2-1/2"]
[WhiteTitle "I"]
[BlackTitle "I+"]
[WhiteElo "1638"]
[BlackElo "1542"]

1. e4 c6 2. d4 d5 3. Nc3 dxe4 4. Nxe4 Bf5 5. Ng3 Bg6 6. h4 h6 7. Bc4 e6 8. Nf3
Nd7 9. Bd3 Bxd3 10. Qxd3 Qc7 11. Bd2 Ngf6 12. O-O-O Bd6 13. Ne4 Nxe4 14. Qxe4
Nf6 15. Qd3 O-O-O 16. g3 c5 17. c4 cxd4 18. Nxd4 Bc5 19. Bc3 Rd7 20. Qc2 Rhd8
21. Nb5 Rxd1+ 22. Rxd1 Rxd1+ 23. Kxd1 Qd7+ 24. Ke2 Ne8 25. Qe4 a6 26. Nd4 Nd6
27. Qe5 Bxd4 28. Qxd4 Nf5 29. Qc5+ Kd8 30. g4 Nxh4 31. Bxg7 Ng6 32. Bxh6 Qc7 33.
Qd4+ Ke8 34. f4 e5 35. Qe4 Qc6 36. Qxc6+ bxc6 37. Ke3 exf4+ 38. Bxf4 Ke7 39. b4
Ke6 40. Ke4 Kf6 41. a4 Ne7 42. b5 axb5 43. cxb5 cxb5 44. axb5 Ke6 45. Kd4 Nd5
46. Bg3 f6 47. Kc5 Nc3 48. Kc6 Nxb5 49. Kxb5 Kd5 50. Bh4 Ke5 51. Kc5 Kf4 52. Bxf6
Kxg4 1/2-1/2

[Event "Mistrzostwa Polski Juniorow do lat 16 - Dziewczeta"]
[Site "Ustron – Jaszowiec"]
[Date "1899-12-30"]
[Round "5.15"]
[White "Koruch, Maria"]
[Black "Zamarska, Sylwia"]
[Result "1-0"]
[WhiteTitle "I"]
[BlackTitle "I++"]
[WhiteElo "1513"]
[BlackElo "1681"]

1. e4 d5 2. exd5 Nf6 3. d4 Bg4 4. Nf3 Qxd5 5. Be2 Nc6 6. O-O e6 7. Bf4 O-O-O 8.
c3 Qd7 9. Nbd2 Nd5 10. Bg3 Bd6 11. Ne4 Bxg3 12. hxg3 b6 13. Bb5 Bxf3 14. Qxf3
Kb7 15. Bxc6+ Qxc6 16. Qxf7 Rd7 17. Qf3 Rdd8 18. Rfe1 h5 19. Ng5 Rdf8 20. Qe4
Re8 21. Qg6 Qd7 22. Nxe6 Re7 23. Nf4 Nxf4 24. gxf4 h4 25. Re5 Rf7 26. Qe4+ Kb8
27. Re1 Rhf8 28. Re8+ Qxe8 29. Qxe8+ Rxe8 30. Rxe8+ Kb7 31. g3 hxg3 32. fxg3 Kc6
33. Re5 a5 34. Kf2 Kd6 35. Ke3 Rf6 36. c4 c6 37. c5+ bxc5 38. Rxc5 Re6+ 39. Re5
Rh6 40. Rxa5 Rh2 41. b4 Rb2 42. a3 Rb3+ 43. Kf2 Rd3 44. Rg5 Rxa3 45. Rxg7 Rd3
46. Rg8 Rb3 47. f5 Rxb4 48. Ke3 Ke7 49. g4 Rb1 50. g5 Re1+ 51. Kd2 Rg1 52. Rg7+
Kf8 53. f6 Rg3 54. Ke2 Rg4 55. Ke3 Rg3+ 56. Ke4 Rg4+ 57. Ke5 Rg1 58. Kf5 Rd1 59.
Kg6 1-0

[Event "Mistrzostwa Polski Juniorow do lat 16 - Dziewczeta"]
[Site "Ustron – Jaszowiec"]
[Date "1899-12-30"]
[Round "5.16"]
[White "Pyzio, Amelia"]
[Black "Ossolinska, Matylda"]
[Result "1-0"]
[WhiteTitle "I+"]
[BlackTitle "I"]
[WhiteElo "1656"]
[BlackElo "1515"]

1. e4 e6 2. d4 d5 3. exd5 exd5 4. c4 Nf6 5. Nc3 Bb4 6. Nf3 O-O 7. Bd3 dxc4 8. Bxc4
Nc6 9. O-O Bg4 10. Be3 Qd6 11. Be2 Rfe8 12. h3 Bxc3 13. bxc3 Bxf3 14. Bxf3 Rad8
15. Qc2 Na5 16. Rfe1 b6 17. Bg5 h6 18. Bh4 Rxe1+ 19. Rxe1 Re8 20. Rxe8+ Nxe8 21.
Be2 Qe6 22. Bd3 Nd6 23. Kh2 Kh8 24. Bg3 Qe7 25. Qd1 Qe6 26. Qf3 Qe8 27. Qh5 Qe6
28. Bf4 Nab7 29. h4 Kg8 30. Be5 c6 31. Qf3 Ne8 32. Bf5 Qd5 33. Be4 Qd8 34. Bxc6
Qxh4+ 35. Kg1 Nbd6 36. Bxe8 Nxe8 37. g3 Qd8 38. Qb7 a5 39. Kg2 f6 40. Bb8 Kh7
41. Ba7 b5 42. Qxb5 Qa8+ 43. Kg1 Qxa7 44. Qxe8 Qc7 45. Qe4+ Kh8 46. Qd3 Qf7 47.
d5 h5 48. c4 Qd7 49. Qe4 Qa4 50. Qe2 Qb4 51. Qxh5+ Kg8 52. Qe8+ Kh7 53. Qe4+ Kg8
54. Qc2 Qc5 55. Qa4 Qd4 56. Qxa5 Qxc4 57. Qa8+ Kh7 58. d6 Qd4 59. Qc6 Qa1+ 60.
Kg2 Qxa2 61. d7 Qd2 62. Qe4+ f5 63. Qxf5+ Kg8 64. Qe6+ Kh7 65. Qe4+ g6 66. Qe7+
Kh6 67. Qe3+ 1-0

[Event "Mistrzostwa Polski Juniorow do lat 16 - Dziewczeta"]
[Site "Ustron – Jaszowiec"]
[Date "1899-12-30"]
[Round "5.17"]
[White "Krzysztynska, Anna"]
[Black "Choinska, Debora"]
[Result "1/2-1/2"]
[WhiteTitle "I"]
[BlackTitle "I"]
[WhiteElo "1578"]
[BlackElo "1479"]

1. e4 d6 2. d4 Nf6 3. Nc3 Nbd7 4. Nf3 e5 5. Bc4 Be7 6. O-O c6 7. a4 O-O 8. Re1
b6 9. h3 Qc7 10. Bg5 h6 11. Bh4 Re8 12. Qe2 a6 13. d5 cxd5 14. Nxd5 Nxd5 15. Bxd5
Rb8 16. b4 Nf6 17. Bxf6 Bxf6 18. Nh2 a5 19. b5 Be6 20. c4 Rbc8 21. Bc6 Bd7 22.
Bd5 Be6 23. Ng4 Bg5 24. Bc6 Bd7 25. Bxd7 Qxd7 26. Ra3 Qe6 27. Rc3 Rc5 28. Ne3
Bxe3 29. fxe3 Rec8 30. Rec1 f5 31. exf5 Qxf5 32. e4 Qe6 33. Qd3 R8c7 34. Qe2 Rc8
35. Qf1 Rf8 36. Qe2 Rfc8 37. Qf1 Rf8 38. Qe2 Rfc8 39. Qd3 R8c7 40. Qf1 Rf7 1/2-1/2

[Event "Mistrzostwa Polski Juniorow do lat 16 - Dziewczeta"]
[Site "Ustron – Jaszowiec"]
[Date "1899-12-30"]
[Round "5.18"]
[White "Surpeta, Julia"]
[Black "Kubiak, Aleksandra"]
[Result "0-1"]
[WhiteTitle "I"]
[BlackTitle "II+"]
[WhiteElo "1458"]
[BlackElo "1320"]

1. d4 f5 2. g4 fxg4 3. h3 d5 4. Bf4 Nf6 5. Bg2 Bf5 6. Nc3 e6 7. hxg4 Bxg4 8. f3
Bf5 9. a3 Bd6 10. Be5 Nc6 11. f4 Ng4 12. Qd2 Ncxe5 13. dxe5 Bc5 14. Nd1 Qe7 15.
Nf3 O-O-O 16. b4 Bb6 17. Rc1 Qd7 18. Qc3 Rhf8 19. Ng5 h6 20. Nh3 Kb8 21. Bf3 h5
22. Ng5 Rc8 23. Qb3 c5 24. c3 cxb4 25. axb4 g6 26. Nb2 Be3 27. Ra1 Qc7 28. Bxg4
Bxg4 29. c4 Bxf4 30. Nh3 Bxe5 31. Ra3 Bxb2 32. Qxb2 Qxc4 0-1

[Event "Mistrzostwa Polski Juniorow do lat 16 - Dziewczeta"]
[Site "Ustron – Jaszowiec"]
[Date "1899-12-30"]
[Round "6.1"]
[White "Kaczmarska, Joanna"]
[Black "Leczek, Weronika"]
[Result "1-0"]
[WhiteTitle "k"]
[BlackTitle "I++"]
[WhiteElo "1822"]
[BlackElo "1909"]

1. e4 c5 2. Nf3 Nc6 3. d4 cxd4 4. Nxd4 Nf6 5. Nc3 d6 6. g3 g6 7. Bg2 Bg7 8. Nxc6
bxc6 9. e5 Nd5 10. Nxd5 cxd5 11. Qxd5 Rb8 12. exd6 O-O 13. O-O exd6 14. c3 Bb7
15. Qd3 Bxg2 16. Kxg2 Re8 17. Rd1 Re6 18. Qc2 Qb6 19. Kg1 Qb5 20. Be3 Qxb2 21.
Rdb1 Qxa1 22. Rxa1 Rc8 23. Bd2 Re7 24. Rb1 Rec7 25. Rb3 d5 26. Qd3 Rc5 27. Rb5
1-0

[Event "Mistrzostwa Polski Juniorow do lat 16 - Dziewczeta"]
[Site "Ustron – Jaszowiec"]
[Date "1899-12-30"]
[Round "6.2"]
[White "Guzik, Natalia"]
[Black "Krzywnicka, Maria"]
[Result "1/2-1/2"]
[WhiteTitle "I++"]
[BlackTitle "I+"]
[WhiteElo "1875"]
[BlackElo "1720"]

1. e4 c5 2. Nf3 d6 3. d4 cxd4 4. Nxd4 Nf6 5. Nc3 a6 6. Bc4 e6 7. Bb3 Nbd7 8. Bxe6
fxe6 9. Nxe6 Qb6 10. Be3 Nc5 11. Nxf8 Rxf8 12. Qd4 Qxb2 13. O-O Ne6 14. Qd3 Nc5
15. Qxd6 Ncxe4 16. Nxe4 Nxe4 17. Qd3 Nf6 18. Bc5 Kf7 19. Bxf8 Kxf8 20. Rfe1 Qb6
21. Qa3+ Kg8 22. Rab1 Qc6 23. Qb3+ Kf8 24. Qb4+ Kg8 25. Qe7 Qd7 26. Qb4 Qf7 27.
Rbd1 Be6 28. a3 b5 29. Rd6 Bd5 30. Qd4 Qb7 31. f3 Rc8 32. c3 Qf7 33. Rxf6 Qxf6
34. Qxd5+ Qf7 35. Qxf7+ Kxf7 36. Re3 Rc4 37. Kf2 Ra4 38. Re2 Rxa3 39. Rc2 Ra4
40. Ke3 Ke6 41. Rd2 Rc4 1/2-1/2

[Event "Mistrzostwa Polski Juniorow do lat 16 - Dziewczeta"]
[Site "Ustron – Jaszowiec"]
[Date "1899-12-30"]
[Round "6.3"]
[White "Rudzinska, Michalina"]
[Black "Sowa, Wiktoria"]
[Result "1-0"]
[WhiteTitle "k"]
[BlackTitle "I+"]
[WhiteElo "1941"]
[BlackElo "1812"]

1. e4 c5 2. Nf3 g6 3. d4 cxd4 4. Nxd4 Nc6 5. Nc3 Bg7 6. Be3 Nf6 7. Bc4 O-O 8. Bb3
d6 9. f3 Bd7 10. Qd2 Rc8 11. O-O-O Ne5 12. Kb1 Re8 13. g4 b5 14. g5 b4 15. Nce2
Nh5 16. f4 Nc4 17. Bxc4 Rxc4 18. Ng3 Nxf4 19. b3 Rc7 20. Bxf4 e5 21. Be3 exd4
22. Bxd4 Bxd4 23. Qxd4 Qxg5 24. Qxd6 Rec8 25. Rhg1 Qh6 26. Rg2 Bh3 27. Rgd2 Bg4
28. Nf5 Bxf5 29. exf5 Qf8 30. Qf6 Re8 31. Qh4 Rc3 32. Rd7 Qc5 33. Rxf7 Kxf7 34.
Qxh7+ Kf8 35. fxg6 Qf2 36. g7+ 1-0

[Event "Mistrzostwa Polski Juniorow do lat 16 - Dziewczeta"]
[Site "Ustron – Jaszowiec"]
[Date "1899-12-30"]
[Round "6.4"]
[White "Raczykowska, Paulina"]
[Black "Kalinowska, Zuzanna"]
[Result "1-0"]
[WhiteTitle "I++"]
[BlackTitle "k+"]
[WhiteElo "1772"]
[BlackElo "1833"]

1. e4 e6 2. d4 d5 3. Nc3 Bb4 4. Qd3 dxe4 5. Qxe4 Nf6 6. Qh4 Nc6 7. Nf3 Ne7 8. Bd3
Ned5 9. Bd2 Nxc3 10. bxc3 Be7 11. O-O c6 12. Ne5 h5 13. Qg5 Rg8 14. Bg6 Ng4 15.
Bxf7+ Kf8 16. Qxh5 Nf6 17. Ng6+ 1-0

[Event "Mistrzostwa Polski Juniorow do lat 16 - Dziewczeta"]
[Site "Ustron – Jaszowiec"]
[Date "1899-12-30"]
[Round "6.5"]
[White "Szelag, Zuzanna"]
[Black "Kulpa, Zuzanna"]
[Result "1-0"]
[WhiteTitle "I++"]
[BlackTitle "I++"]
[WhiteElo "1759"]
[BlackElo "1680"]

1. e4 e5 2. Nf3 Nc6 3. Bb5 a6 4. Ba4 Nf6 5. Qe2 b5 6. Bb3 Be7 7. c3 O-O 8. O-O
d6 9. Rd1 Na5 10. Bc2 c5 11. d4 Qc7 12. d5 c4 13. b4 cxb3 14. axb3 Nb7 15. b4
Nd7 16. Be3 Nb6 17. Bd3 Bd7 18. Nbd2 Na4 19. Rdc1 Nb2 20. Bb1 Rfc8 21. Ba2 f5
22. Nxe5 Na4 23. Bd4 Kh8 24. Nxd7 Qxd7 25. exf5 Bg5 26. Rc2 Qxf5 27. Bb3 Re8 28.
Qf3 Qg6 29. Qg3 Qf5 30. Bxg7+ Kxg7 31. Nf3 h6 32. h4 Kf6 33. hxg5+ hxg5 34. Nd4
Qe4 35. Re2 Qg6 36. Bc2 Qh5 37. Rxe8 Rxe8 38. Qd3 g4 39. Ne6 Rh8 40. Qd4+ Qe5
41. Bxa4 bxa4 42. Rxa4 Qxd4 43. Nxd4 Ke5 44. Rxa6 Kxd5 45. Nf5 Rf8 46. Ne3+ Ke6
47. Nxg4 Kd5 1-0

[Event "Mistrzostwa Polski Juniorow do lat 16 - Dziewczeta"]
[Site "Ustron – Jaszowiec"]
[Date "1899-12-30"]
[Round "6.6"]
[White "Kucharska, Honorata"]
[Black "Karlyk, Maria"]
[Result "1-0"]
[WhiteTitle "k+"]
[BlackTitle "I"]
[WhiteElo "2093"]
[BlackElo "1501"]

1. e4 c5 2. b3 d6 3. Bb2 Nc6 4. Bb5 Nf6 5. Qe2 e5 6. Bxc6+ bxc6 7. d3 Be7 8. h3
Be6 9. Nf3 h6 10. Nh2 g5 11. Nd2 a5 12. a4 h5 13. O-O-O Qb6 14. Bc3 Nd7 15. Nc4
Qc7 16. Nf3 f6 17. Na3 Nb6 18. Qe1 Nd7 19. g3 d5 20. exd5 Bxd5 21. Qe2 O-O-O 22.
Rhe1 Rde8 23. Nc4 Bxc4 24. dxc4 Nb8 25. Nd2 Na6 26. Qf3 Nb4 27. Bxb4 cxb4 28.
Ne4 Kb7 29. Qf5 Rd8 30. Qe6 Rhf8 31. c5 Ka8 32. Nd6 Qd7 33. Qc4 Qa7 34. f4 gxf4
35. gxf4 Bxd6 36. cxd6 exf4 37. Qxc6+ Qb7 38. Qc5 Qa7 39. Qd5+ Qb7 40. Qxa5+ 1-0

[Event "Mistrzostwa Polski Juniorow do lat 16 - Dziewczeta"]
[Site "Ustron – Jaszowiec"]
[Date "1899-12-30"]
[Round "6.7"]
[White "Kostecka, Marika"]
[Black "Swiech, Joanna"]
[Result "1-0"]
[WhiteTitle "I++"]
[BlackTitle "k"]
[WhiteElo "1869"]
[BlackElo "1943"]

1. e4 e5 2. Nf3 Nc6 3. Bb5 Nf6 4. O-O a6 5. Ba4 b5 6. Bb3 Be7 7. Re1 d6 8. c3 O-O
9. h3 Na5 10. Bc2 c5 11. d4 Nd7 12. Nbd2 Bb7 13. Nf1 Rc8 14. b3 Qc7 15. Ne3 g6
16. Bb2 Bf6 17. Rc1 Rce8 18. Ng4 Bg7 19. Qd2 Nc6 20. Rcd1 Rd8 21. d5 Ne7 22. Qg5
f6 23. Qh4 Bc8 24. Bc1 Nb6 25. Bh6 Bxg4 26. hxg4 Kh8 27. Bxg7+ Kxg7 28. Re3 Rf7
29. g5 f5 30. exf5 Nxf5 31. Bxf5 Rxf5 32. Qh6+ Kg8 33. Nh2 Qg7 34. Ng4 Nd7 35.
Qh4 Rf4 36. Rh3 Kh8 37. g3 Rf7 38. Kg2 Rdf8 39. Rdh1 Re7 40. c4 b4 41. Qh6 a5
42. Qxg7+ Rxg7 43. Rf1 Rgf7 44. Nh6 Re7 45. Rh4 Kg7 46. Re4 Rfe8 47. Rfe1 Kf8
48. Kh3 Nb6 49. f4 exf4 50. Rxf4+ Kg7 51. Rf7+ Rxf7 52. Rxe8 Rf8 53. Re7+ Kh8
54. Nf7+ Kg8 55. Nxd6 a4 56. Ne4 axb3 57. axb3 1-0

[Event "Mistrzostwa Polski Juniorow do lat 16 - Dziewczeta"]
[Site "Ustron – Jaszowiec"]
[Date "1899-12-30"]
[Round "6.8"]
[White "Dwilewicz, Agata"]
[Black "Moscicka, Pola"]
[Result "1-0"]
[WhiteTitle "I+"]
[BlackTitle "k+"]
[WhiteElo "1710"]
[BlackElo "1925"]

1. e4 c5 2. Nf3 Nc6 3. d4 cxd4 4. Nxd4 Nf6 5. Nc3 e5 6. Ndb5 d6 7. a4 a6 8. Na3
h6 9. Be3 Be6 10. Bc4 Be7 11. O-O O-O 12. f3 Na5 13. Bd5 Qc7 14. Qd3 Rac8 15.
Rad1 Bxd5 16. Nxd5 Nxd5 17. Qxd5 Nc4 18. Nxc4 Qxc4 19. Qxb7 Rc7 20. Qb6 Rc6 21.
Qa5 Bd8 22. Qd5 Qxa4 23. b3 Qb5 24. c4 Qxd5 25. Rxd5 Bb6 26. Bxb6 Rxb6 27. Ra1
Rfb8 28. Ra2 f6 29. Kf2 Rxb3 30. Rxd6 Rb2+ 31. Rd2 Rxa2 32. Rxa2 Rc8 33. Ra4 Kf7
34. Ke3 Rc6 35. f4 exf4+ 36. Kxf4 Ke6 37. g3 g5+ 38. Ke3 f5 39. exf5+ Kxf5 40.
Kd4 Rd6+ 41. Kc5 Rd2 42. h4 gxh4 43. gxh4 Kg4 44. Rxa6 h5 45. Rd6 Rf2 46. Rd4+
Kg3 47. Kc6 Rf6+ 48. Kd7 Rf5 49. Ke6 Rf8 50. c5 Rc8 51. Rc4 1-0